अनुपम और क्रूर संसार (Record no. 293014)

MARC details
000 -LEADER
fixed length control field 01064nam a2200277Ia 4500
003 - CONTROL NUMBER IDENTIFIER
control field OSt
005 - DATE AND TIME OF LATEST TRANSACTION
control field 20220923210929.0
008 - FIXED-LENGTH DATA ELEMENTS--GENERAL INFORMATION
fixed length control field 220922b |||||||| |||| 00| 0 hin d
020 ## - INTERNATIONAL STANDARD BOOK NUMBER
International Standard Book Number 5050032180 (hbk)
037 ## - SOURCE OF ACQUISITION
Terms of availability Textual
040 ## - CATALOGING SOURCE
Original cataloging agency ARTS
Transcribing agency ARTS
Language of cataloging hin
041 ## - LANGUAGE CODE
Source of code hin
Language code of text/sound track or separate title hin
100 ## - MAIN ENTRY--PERSONAL NAME
Personal name बुल्गोकोव, मिखाई; प्लातोनोव, आन्द्रेई
9 (RLIN) 156322
245 #0 - TITLE STATEMENT
Title अनुपम और क्रूर संसार
246 ## - VARYING FORM OF TITLE
Title proper/short title Anupam aur krūr sansāra
260 ## - PUBLICATION, DISTRIBUTION, ETC.
Place of publication, distribution, etc. मास्को
Name of publisher, distributor, etc. रादुगा प्रकाशन
Date of publication, distribution, etc. 1990
300 ## - PHYSICAL DESCRIPTION
Extent 408 पृ.
Dimensions cm.
490 ## - SERIES STATEMENT
Series statement बीसवी शताब्दी की इतिहास; 6
650 ## - SUBJECT ADDED ENTRY--TOPICAL TERM
Topical term or geographic name entry element हिन्दी साहित्य
9 (RLIN) 156264
942 ## - ADDED ENTRY ELEMENTS (KOHA)
Classification part O142,3x, 152N0
Koha item type Textual
Source of classification or shelving scheme Colon Classification (CC)
Holdings
Withdrawn status Lost status Damaged status Not for loan Home library Current library Date acquired Total Checkouts Full call number Barcode Date last seen Price effective from Koha item type
        Arts Library Arts Library 2022-09-23   O142,3x 152N0 AL1062846 2022-09-23 2022-09-23 Textual
Copyright @ Delhi University Library System